Οικογένεια και σεξουαλικότητα : μεταξύ παράδοσης και νεωτερικότητας [Ελληνικές μαρτυρίες, 17ος - αρχές 19ου αι.]
Αποθηκεύτηκε σε:
| Κύριος συγγραφέας: | |
|---|---|
| Μορφή: | Βιβλίο |
| Γλώσσα: | Greek |
| Δημοσίευση: |
Αθήνα :
Μέλισσα,
2019.
|
| Σειρά: | (Ζητήματα ιστορίας ;
1) |
| Θέματα: | |
| Ετικέτες: |
Προσθήκη ετικέτας
Δεν υπάρχουν, Καταχωρήστε ετικέτα πρώτοι!
|
MARC
| LEADER | 00000cam a2200000 a 4500 | ||
|---|---|---|---|
| 001 | 1/120958 | ||
| 008 | 200219s2019####gr a|||||| |||| ||gre|| | ||
| 020 | |a 9789602044049 | ||
| 040 | |a GR-MyUa |b gre |c GR-MyUa |e AACR2 | ||
| 041 | 0 | |a gre | |
| 082 | 7 | |a 306.85 |2 (23) | |
| 100 | 1 | |a Ματθαίου, Άννα. | |
| 245 | 1 | 0 | |a Οικογένεια και σεξουαλικότητα : |b μεταξύ παράδοσης και νεωτερικότητας [Ελληνικές μαρτυρίες, 17ος - αρχές 19ου αι.] / |c Άννα Ματθαίου. |
| 260 | |a Αθήνα : |b Μέλισσα, |c 2019. | ||
| 300 | |a 276 σ. ; |c 21 εκ. | ||
| 490 | 0 | |a (Ζητήματα ιστορίας ; |v 1) | |
| 650 | 0 | |a Family |z Greece |x History. | |
| 852 | |a INST |b LESVOS |c EUDOXUS |e 20200219 |h 306.85 ΜΑΤ |p 005100062630 |q 005100062630 |t EDX |y 0 | ||
| 852 | |a INST |b LESVOS |c EUDOXUS |e 20200219 |h 306.85 ΜΑΤ |p 005100062631 |q 005100062631 |t EDX |y 0 | ||
| 920 | |a Εύδοξος |b Παραγγελία |y Λέσβος-ΤΚΑΙ |z 2020-02 | ||
| 970 | |a Δημάκη |b Μαρία |z 19-02-2020 | ||